[Event "Women's Speed Chess Q2"]
[Site "chess.com INT"]
[Date "2020.06.19"]
[Round "12"]
[White "Sharmin, Samiha Shimmi"]
[Black "Bouah, Denise"]
[Result "0-1"]
[WhiteTitle "WCM"]
[BlackTitle "WIM"]
[WhiteElo "1812"]
[BlackElo "1770"]
[WhiteFideId "10203087"]
[BlackFideId "14300818"]
[EventDate "2020.06.19"]

1. e4 e6 2. d4 d5 3. Nc3 Nf6 4. e5 Nfd7 5. f4 c5 6. Nf3 Nc6 7. Be3 cxd4 8. Nxd4
Nxd4 9. Bxd4 f6 10. exf6 Nxf6 11. Qf3 Bd6 12. O-O-O O-O 13. Bd3 a6 14. g4 b5 15.
g5 Nd7 16. Bxh7+ Kxh7 17. Qh5+ Kg8 18. g6 Bxf4+ 19. Kb1 Bh6 20. Be3 Nf6 21. Qh3
e5 22. Qg3 Bxe3 23. Qxe3 d4 24. Qg3 Qc7 25. Ne2 Bf5 26. Nxd4 Bxg6 27. Qxg6 exd4
28. h4 Qf7 29. Qg3 Rad8 30. Rhg1 Rd7 31. Rdf1 Qe6 32. Re1 Qd6 33. Qd3 Rc8 34.
Rg6 Qc5 35. Reg1 Nd5 36. h5 Qc4 37. Qd1 Ne3 38. Qf3 Qxc2+ 39. Ka1 Qc1+ 40. Rxc1
Rxc1# 0-1

[Event "Women's Speed Chess Q2"]
[Site "chess.com INT"]
[Date "2020.06.19"]
[Round "12"]
[White "Putri, Regita Desyari"]
[Black "Zhuravleva, Olga"]
[Result "1-0"]
[WhiteTitle "WFM"]
[BlackTitle "WIM"]
[WhiteElo "1897"]
[BlackElo "2278"]
[WhiteFideId "7109083"]
[BlackFideId "4145933"]
[EventDate "2020.06.19"]

1. d4 g6 2. c4 Bg7 3. Nf3 d6 4. g3 Nc6 5. Bg2 e5 6. d5 Nce7 7. e4 h6 8. Nc3 f5
9. exf5 gxf5 10. O-O Nf6 11. c5 O-O 12. cxd6 cxd6 13. Be3 Kh8 14. Rc1 Bd7 15.
Qb3 b6 16. Rfd1 Ng6 17. a4 f4 18. gxf4 Nxf4 19. Bxf4 exf4 20. Qb4 Ne8 21. Nb5
Bg4 22. Nbd4 Qf6 23. Kh1 h5 24. Rc3 h4 25. h3 Bd7 26. Re1 Rg8 27. Ne6 Qg6 28.
Nxh4 Qh5 29. Nxg7 Nxg7 30. Qxf4 Raf8 31. Qd4 Kh7 32. Rg3 Nf5 33. Nxf5 Bxf5 34.
Re7+ Rf7 35. Rxf7+ Qxf7 36. Qh4+ 1-0

[Event "Women's Speed Chess Q2"]
[Site "chess.com INT"]
[Date "2020.06.19"]
[Round "12"]
[White "Papp, Petra"]
[Black "Harika, Dronavalli"]
[Result "1-0"]
[WhiteTitle "WGM"]
[BlackTitle "GM"]
[WhiteElo "2338"]
[BlackElo "2515"]
[WhiteFideId "739049"]
[BlackFideId "5015197"]
[EventDate "2020.06.19"]

1. e4 c5 2. Nf3 Nc6 3. Nc3 e5 4. Bc4 Be7 5. d3 d6 6. O-O Nf6 7. Ng5 O-O 8. f4
Bg4 9. Qd2 exf4 10. Qxf4 Bh5 11. Nf3 a6 12. a4 Rc8 13. h3 Bxf3 14. Qxf3 Nd4 15.
Qf2 Kh8 16. Be3 Ne6 17. a5 Nd7 18. Nd5 Bg5 19. c3 Ne5 20. Nb6 Bxe3 21. Qxe3 Rc7
22. Bd5 h6 23. Rf5 Ng5 24. Raf1 f6 25. h4 Nh7 26. d4 cxd4 27. cxd4 Nc6 28. Ba2
Nb4 29. Bb3 Re8 30. Qd2 Nc6 31. R5f4 Rce7 32. Bd5 Nb8 33. Rc1 Rc7 34. Rff1 Nc6
35. b4 Nf8 36. Bxc6 bxc6 37. d5 cxd5 38. Qxd5 Rxc1 39. Rxc1 Qe7 40. Rc4 Ng6 41.
Nc8 Qe5 42. Nxd6 Qxd5 43. exd5 Rd8 44. Nf7+ 1-0

[Event "Women's Speed Chess Q2"]
[Site "chess.com INT"]
[Date "2020.06.19"]
[Round "12"]
[White "Cori T., Deysi"]
[Black "Stefanova, Antoaneta"]
[Result "1-0"]
[WhiteTitle "WGM"]
[BlackTitle "GM"]
[WhiteElo "2388"]
[BlackElo "2462"]
[WhiteFideId "3801934"]
[BlackFideId "2902257"]
[EventDate "2020.06.19"]

1. d4 d5 2. c4 c6 3. Nc3 Nf6 4. e3 a6 5. a4 Bf5 6. Qb3 Ra7 7. Nf3 h6 8. Bd2 e6
9. a5 Nbd7 10. Na4 Be7 11. Nb6 O-O 12. Be2 Ne4 13. O-O Bg4 14. Rfd1 Nxb6 15.
axb6 Ra8 16. Be1 f5 17. Qc2 Bxf3 18. Bxf3 g5 19. g4 Qd7 20. Bg2 Rae8 21. cxd5
exd5 22. f3 Nd6 23. b3 Kg7 24. h3 Bd8 25. Qc5 Rxe3 26. Bf2 Rxb3 27. Re1 Bxb6 28.
Qc2 Rb5 29. Re5 Bd8 30. Rae1 Bf6 31. Re6 a5 32. gxf5 a4 33. Kh1 a3 34. Bg3 Nc4
35. h4 gxh4 36. Bf4 Rb2 37. Qc1 a2 38. Bxh6+ Kf7 39. Bxf8 Rxg2 40. Qh6 Bxd4 41.
Re7+ Qxe7 42. Rxe7+ Kg8 43. Qh7+ Kxf8 44. Qf7# 1-0

[Event "Women's Speed Chess Q2"]
[Site "chess.com INT"]
[Date "2020.06.19"]
[Round "12"]
[White "Zhukova, Natalia"]
[Black "Munkhzul, Turmunkh"]
[Result "0-1"]
[WhiteTitle "GM"]
[BlackTitle "WIM"]
[WhiteElo "2328"]
[BlackElo "2278"]
[WhiteFideId "14101513"]
[BlackFideId "4901878"]
[EventDate "2020.06.19"]

1. c4 e5 2. Nc3 Nf6 3. Nf3 Nc6 4. e4 Bc5 5. Nxe5 Nxe5 6. d4 Bxd4 7. Qxd4 d6 8.
Be2 O-O 9. O-O Re8 10. Bg5 h6 11. Bh4 Nc6 12. Qe3 Be6 13. f4 Qe7 14. Qg3 Nd4 15.
Bd3 Nh5 16. Qf2 g5 17. Qxd4 gxh4 18. f5 Bd7 19. Nd5 Qe5 20. Qxe5 Rxe5 21. Nxc7
Rc8 22. Nd5 Bc6 23. Rac1 Ree8 24. Rfd1 Bxd5 25. cxd5 Nf4 26. Rxc8 Rxc8 27. Bb1
Kg7 28. Kf2 Kf6 29. g3 hxg3+ 30. hxg3 Nh3+ 31. Kg2 Ng5 32. Rh1 Ke5 33. Rxh6 Rc1
34. Bd3 Rd1 35. Bf1 Rd2+ 36. Kh1 Kxe4 37. Rh8 Kxf5 38. Kg1 Kg4 39. Kh1 Kxg3 40.
Kg1 f6 41. Kh1 Rd1 0-1

[Event "Women's Speed Chess Q2"]
[Site "chess.com INT"]
[Date "2020.06.19"]
[Round "12"]
[White "Hng, Mei-En Emmanuelle"]
[Black "Filippova, Margarita"]
[Result "0-1"]
[WhiteTitle "WFM"]
[BlackTitle "WFM"]
[WhiteElo "2029"]
[BlackElo "1931"]
[WhiteFideId "5804566"]
[BlackFideId "34199680"]
[EventDate "2020.06.19"]

1. e4 Nf6 2. e5 Nd5 3. d4 d6 4. Nf3 g6 5. Bc4 Nb6 6. Bb3 Bg7 7. Qe2 O-O 8. O-O
Bg4 9. Nbd2 Nc6 10. exd6 exd6 11. c3 Re8 12. Qd1 d5 13. h3 Bf5 14. Re1 Qd7 15.
Rxe8+ Rxe8 16. Nf1 Na5 17. Bf4 Nbc4 18. Bxc4 Nxc4 19. b3 Nd6 20. Ne3 Be6 21. Be5
Ne4 22. Qc2 f6 23. Bh2 Bf7 24. c4 c6 25. cxd5 cxd5 26. Rc1 Bh6 27. Qc7 Qe6 28.
Re1 Qc6 29. Rc1 Qa6 30. Rc2 Bxe3 31. fxe3 Qd3 32. Bf4 g5 33. Ne1 Qd1 34. Rc1 Qe2
35. Rc2 Qxe1+ 36. Kh2 gxf4 37. Qxf4 h5 38. Rc7 h4 39. Qg4+ Kf8 40. Rxb7 Qg3+ 41.
Qxg3 hxg3+ 42. Kg1 Nf2 43. Kf1 Rxe3 44. Rxa7 Nd3 0-1

[Event "Women's Speed Chess Q2"]
[Site "chess.com INT"]
[Date "2020.06.19"]
[Round "12"]
[White "Foisor, Sabina-Francesca"]
[Black "Sukandar, Irine Kharisma"]
[Result "1-0"]
[WhiteTitle "WGM"]
[BlackTitle "IM"]
[WhiteElo "2228"]
[BlackElo "2413"]
[WhiteFideId "1212915"]
[BlackFideId "7101937"]
[EventDate "2020.06.19"]

1. d4 Nf6 2. Nf3 b6 3. c4 e6 4. g3 Bb7 5. Bg2 Be7 6. O-O O-O 7. b3 d5 8. Bb2
dxc4 9. bxc4 c5 10. e3 Qc7 11. Nbd2 Nc6 12. Qe2 Rac8 13. Rac1 Rfd8 14. Rfd1 Qb8
15. Nb3 cxd4 16. exd4 Qa8 17. Nh4 Nb4 18. a3 Bxg2 19. Nxg2 Nc6 20. Nf4 Qb7 21.
d5 exd5 22. cxd5 Na5 23. Rxc8 Rxc8 24. Nxa5 bxa5 25. d6 Bf8 26. Bxf6 gxf6 27.
Nh5 Kh8 28. Nxf6 Rd8 29. Qg4 Bg7 30. Nh5 Bc3 31. d7 Qb3 32. Qf3 a4 33. Rd3 Qb1+
34. Kg2 Be5 35. Nf6 Qb5 36. Rd5 Qc6 37. Rxe5 Qxf3+ 38. Kxf3 Kg7 39. Rf5 Kg6 40.
Rf4 a5 41. g4 h6 42. h4 1-0

[Event "Women's Speed Chess Q2"]
[Site "chess.com INT"]
[Date "2020.06.19"]
[Round "12"]
[White "Fominykh, Maria"]
[Black "Zawadzka, Jolanta"]
[Result "0-1"]
[WhiteTitle "WGM"]
[BlackTitle "WGM"]
[WhiteElo "2206"]
[BlackElo "2419"]
[WhiteFideId "4142411"]
[BlackFideId "1122320"]
[EventDate "2020.06.19"]

1. Nf3 Nf6 2. g3 d5 3. Bg2 e6 4. O-O Be7 5. d3 O-O 6. Nbd2 b6 7. e4 Bb7 8. e5
Nfd7 9. Re1 c5 10. h4 d4 11. Ne4 Nc6 12. Bf4 h6 13. Qd2 Qc7 14. Nf6+ Kh8 15. Nh5
Kh7 16. Nh2 Rg8 17. Ng4 Bf8 18. Bxh6 gxh6 19. Be4+ Kh8 20. Nxh6 Ncxe5 21. Nxg8
Kxg8 22. Qe2 Bxe4 23. Qxe4 Qc6 24. Qxc6 Nxc6 25. f4 Nb4 26. Re2 Rc8 27. g4 Be7
28. g5 Bd6 29. Kf2 Nd5 30. Kf3 c4 31. Rh1 cxd3 32. cxd3 Nc5 33. Rd1 Nb4 34. Red2
Nxa2 35. Ra1 Nb4 36. Rxa7 Ncxd3 37. Nf6+ Kg7 38. h5 Bxf4 39. h6+ Kg6 40. Rg2 Kf5
41. h7 Ne5+ 42. Kf2 Rc2+ 43. Kf1 Rc1+ 44. Kf2 Nbd3+ 45. Ke2 Re1# 0-1

[Event "Women's Speed Chess Q2"]
[Site "chess.com INT"]
[Date "2020.06.19"]
[Round "12"]
[White "Michelle Catherina, P"]
[Black "Sviridova, Vlada"]
[Result "0-1"]
[WhiteTitle "WIM"]
[BlackTitle "WFM"]
[WhiteElo "2176"]
[BlackElo "2144"]
[WhiteFideId "5005736"]
[BlackFideId "24109606"]
[EventDate "2020.06.19"]

1. e4 e6 2. d4 d5 3. Nc3 Nf6 4. Bg5 Bb4 5. e5 h6 6. Bd2 Bxc3 7. Bxc3 Ne4 8. Bb4
c5 9. Bxc5 Nxc5 10. dxc5 Qc7 11. f4 Qxc5 12. Nf3 Nc6 13. Bd3 Qe3+ 14. Qe2 Qxf4
15. O-O Nd4 16. Nxd4 Qxd4+ 17. Kh1 Bd7 18. Rad1 Qb4 19. c3 Qe7 20. Qg4 Qg5 21.
Qe2 Bc6 22. Bb5 Qe7 23. Rd4 Qd7 24. Bd3 O-O-O 25. b4 Qc7 26. b5 Be8 27. Ra4 b6
28. c4 Kb8 29. Rc1 Bxb5 30. Rb4 Ba6 31. c5 Bxd3 32. Qxd3 Rc8 33. Qd4 Ka8 34. c6
Rhf8 35. h3 f5 36. Ra4 f4 37. Rc3 Rf7 38. Rb3 Kb8 39. Rc3 g5 40. Ra6 Rcf8 41.
Rb3 f3 42. Rba3 fxg2+ 43. Kxg2 Qxc6 44. Rxa7 Qc2+ 45. Kg3 Rf3+ 46. Rxf3 Rxf3+
47. Kxf3 Kxa7 48. Qa4+ Qxa4 0-1

[Event "Women's Speed Chess Q2"]
[Site "chess.com INT"]
[Date "2020.06.19"]
[Round "12"]
[White "Belenkaya, Dina"]
[Black "Thipsay, Bagyashree Sathe"]
[Result "1-0"]
[WhiteTitle "WGM"]
[BlackTitle "WIM"]
[WhiteElo "2297"]
[BlackElo "2072"]
[WhiteFideId "24142654"]
[BlackFideId "5001013"]
[EventDate "2020.06.19"]

1. e4 c6 2. d4 d5 3. Nc3 dxe4 4. Nxe4 Nd7 5. Nf3 Ngf6 6. Nxf6+ Nxf6 7. Bd3 Bg4
8. c3 e6 9. O-O Bd6 10. h3 Bh5 11. Bg5 Qc7 12. Be2 O-O 13. Ne5 Bxe2 14. Qxe2 Nd7
15. Nc4 Bh2+ 16. Kh1 Bf4 17. Bh4 b5 18. Ne3 Nb6 19. Qg4 f5 20. Qh5 Nd5 21. Bg5
Nxe3 22. fxe3 Bxg5 23. Qxg5 h6 24. Qf4 Qd7 25. Rae1 Qd5 26. b3 a5 27. Kg1 a4 28.
e4 fxe4 29. Qxe4 Rxf1+ 30. Kxf1 Rf8+ 31. Kg1 Qxe4 32. Rxe4 axb3 33. axb3 Rf6 34.
Re5 Kf7 35. Rc5 e5 36. dxe5 Re6 37. Kf2 Kg6 38. Ke3 Kf5 39. g4+ Kg5 40. Ke4 g6
41. c4 bxc4 42. Rxc4 Kh4 43. Rc3 Kg5 44. b4 h5 45. gxh5 gxh5 46. Rf3 Re8 47.
Rf5+ Kh4 48. Kf4 Rb8 49. e6 Rxb4+ 50. Ke5 Rb1 51. Rf4+ Kg5 52. h4+ Kg6 53. e7
Re1+ 54. Kd6 c5 55. Kd7 c4 1-0

[Event "Women's Speed Chess Q2"]
[Site "chess.com INT"]
[Date "2020.06.19"]
[Round "12"]
[White "Voit, Daria"]
[Black "Linares Napoles, Oleiny"]
[Result "0-1"]
[WhiteTitle "WGM"]
[BlackTitle "WGM"]
[WhiteElo "2343"]
[BlackElo "2215"]
[WhiteFideId "4182146"]
[BlackFideId "3504794"]
[EventDate "2020.06.19"]

1. d4 Nf6 2. Nf3 g6 3. c4 Bg7 4. Nc3 O-O 5. Bg5 d6 6. e3 c5 7. h3 Nc6 8. Be2 Bf5
9. O-O Ne4 10. Nxe4 Bxe4 11. d5 Na5 12. Nd2 Bf5 13. e4 Bd7 14. Qc2 Rb8 15. a4 a6
16. Ra2 h6 17. Be3 b5 18. axb5 axb5 19. cxb5 Bxb5 20. Bxb5 Rxb5 21. Rb1 Qb6 22.
Qa4 Nb3 23. Nxb3 Rxb3 24. Qd7 Qb7 25. Ra7 Qxd7 26. Rxd7 Re8 27. Ra1 g5 28. Raa7
Bf6 29. Bc1 Kf8 30. h4 Bxb2 31. Bxb2 Rxb2 32. hxg5 hxg5 33. e5 dxe5 34. d6 Kg7
35. dxe7 Kf6 36. Ra6+ Kf5 37. Rc6 Rc2 38. g3 g4 39. Kf1 Rh8 40. Kg2 Rc1 0-1

[Event "Women's Speed Chess Q2"]
[Site "chess.com INT"]
[Date "2020.06.19"]
[Round "12"]
[White "Tomilova, Elena"]
[Black "Sebag, Marie"]
[Result "1-0"]
[WhiteTitle "WGM"]
[BlackTitle "GM"]
[WhiteElo "2353"]
[BlackElo "2438"]
[WhiteFideId "4162340"]
[BlackFideId "617822"]
[EventDate "2020.06.19"]

1. d4 d5 2. c4 c6 3. cxd5 cxd5 4. Bg5 h6 5. Bh4 Nc6 6. Nc3 g5 7. Bg3 Bg7 8. e3
e6 9. Bd3 Nge7 10. h4 Nf5 11. Bxf5 exf5 12. hxg5 hxg5 13. Rxh8+ Bxh8 14. Qh5 Bf6
15. Nf3 Be6 16. Rc1 Kd7 17. Ne5+ Bxe5 18. Bxe5 g4 19. Bg3 Qf6 20. Qh1 Rh8 21.
Qf1 a6 22. Na4 Kc8 23. Be5 Qh6 24. Bxh8 Qxh8 25. Nc5 f4 26. Nxa6 g3 27. Nb4 Kd7
28. Nxc6 bxc6 29. Kd2 Qh2 30. exf4 Bf5 31. Rc3 gxf2 32. Qxf2 Be4 33. a4 f5 34.
a5 Qh1 35. Rc1 Qh8 36. Ke3 Qb8 37. Qd2 Qb3+ 38. Qc3 Qb5 39. b4 Bxg2 40. Kf2 Be4
41. Rg1 Ke6 42. Rg6+ Kf7 43. Rxc6 Qa4 44. Rc7+ Kg6 45. Qc6+ 1-0

[Event "Women's Speed Chess Q2"]
[Site "chess.com INT"]
[Date "2020.06.19"]
[Round "12"]
[White "Juhasz, Barbara"]
[Black "Pham, Bich Ngoc"]
[Result "1-0"]
[WhiteTitle "WIM"]
[BlackTitle "WIM"]
[WhiteElo "2223"]
[BlackElo "2235"]
[WhiteFideId "743585"]
[BlackFideId "12401285"]
[EventDate "2020.06.19"]

1. e4 g6 2. d4 Bg7 3. Nc3 d6 4. f4 Nc6 5. Nf3 h6 6. d5 Na5 7. Be3 c5 8. h3 Nf6
9. Be2 O-O 10. O-O e6 11. dxe6 Bxe6 12. e5 dxe5 13. Bxc5 exf4 14. Bxf8 Qxf8 15.
Nd4 g5 16. Nxe6 fxe6 17. Bf3 Qc5+ 18. Kh1 Nc4 19. Qe2 Ne3 20. Rfe1 Rd8 21. Rac1
b6 22. Nd1 Nfd5 23. c4 Nc7 24. Nxe3 fxe3 25. Qxe3 Qxe3 26. Rxe3 Bxb2 27. Rd1 Bd4
28. Re4 e5 29. Rxe5 Bxe5 30. Rxd8+ Kf7 31. Kg1 Ke6 32. Kf1 Na6 33. Ra8 Nb4 34.
Rxa7 Nc2 35. Ra6 Ne3+ 36. Ke2 Nxc4 37. Kd3 Nb2+ 38. Ke4 Bc7 39. a4 Nc4 40. Kd4
Na5 41. Bd5+ Kd6 42. Ra8 Kd7 43. Rh8 Bf4 44. Rxh6 Kc7 45. Rh7+ Kd6 46. Rh6+ Kc7
47. Rg6 Bc1 48. g3 Bd2 49. h4 Be1 50. Rxg5 Bf2+ 51. Kd3 Kd7 52. Rg6 Ke7 53. h5 1-0

[Event "Women's Speed Chess Q2"]
[Site "chess.com INT"]
[Date "2020.06.19"]
[Round "12"]
[White "Nurmanova, Alua"]
[Black "Sudakova, Irina"]
[Result "0-1"]
[WhiteTitle "WFM"]
[BlackTitle "WGM"]
[WhiteElo "2026"]
[BlackElo "2288"]
[WhiteFideId "13729390"]
[BlackFideId "4129903"]
[EventDate "2020.06.19"]

1. e4 c5 2. Nf3 d6 3. d4 Nf6 4. Nc3 cxd4 5. Nxd4 Nc6 6. Bc4 e6 7. Be3 a6 8. Bb3
Be7 9. Qe2 Na5 10. O-O-O Qc7 11. Kb1 b5 12. g4 Nxb3 13. cxb3 Bb7 14. f3 Nd7 15.
Rc1 Qa5 16. Bd2 Qd8 17. f4 b4 18. Na4 Nc5 19. Nxc5 dxc5 20. Nf3 O-O 21. Rhd1 Qc7
22. e5 Qc6 23. Ng5 h6 24. Nh3 Qe4+ 25. Qxe4 Bxe4+ 26. Ka1 a5 27. Be3 a4 28. bxa4
Rxa4 29. b3 Ra5 30. Nf2 Bd5 31. Kb2 Rfa8 32. Ra1 f6 33. Nd3 c4 34. bxc4 Bxc4 35.
Nc1 Ra3 36. Nb3 fxe5 37. fxe5 Be2 38. Rd7 Bf8 39. h3 Bc4 40. Nc1 Rxe3 41. Rd2
Bd5 42. Nb3 Rxe5 43. Rf1 Re3 44. Rdf2 Bd6 45. Rf7 Be5+ 46. Kb1 Re2 47. Re7 Bxb3
48. Rff7 Re1# 0-1

[Event "Women's Speed Chess Q2"]
[Site "chess.com INT"]
[Date "2020.06.19"]
[Round "12"]
[White "Matveeva, Olga"]
[Black "Sedina, Elena"]
[Result "1/2-1/2"]
[WhiteTitle "WIM"]
[BlackTitle "IM"]
[WhiteElo "2171"]
[BlackElo "2299"]
[WhiteFideId "24107018"]
[BlackFideId "812153"]
[EventDate "2020.06.19"]

1. d4 d5 2. c4 c6 3. Nf3 Nf6 4. Qb3 dxc4 5. Qxc4 Bg4 6. Nc3 Bxf3 7. gxf3 Nbd7 8.
e4 e5 9. Be3 Bd6 10. O-O-O Qe7 11. Rg1 O-O 12. h4 exd4 13. Qxd4 Bc5 14. Qd2 Bxe3
15. Qxe3 Rfe8 16. Qg5 g6 17. h5 Qe5 18. hxg6 Qxg5+ 19. Rxg5 hxg6 20. Bh3 Rad8
21. Kc2 Kg7 22. Bg2 Nf8 23. Bh3 Rxd1 24. Kxd1 Ne6 25. Bxe6 Rxe6 26. Ke2 Nd7 27.
Ke3 Nb6 28. b3 f6 29. Rg1 Kf7 30. Rd1 Ke7 31. f4 Nd7 32. f3 b5 33. Ne2 Nb6 34.
Kf2 Rd6 35. Rxd6 Kxd6 36. Ke3 Kc5 37. a3 a5 38. Kd3 a4 39. b4+ Kd6 40. Nd4 Nc4
41. Nc2 c5 42. bxc5+ Kxc5 43. Kc3 Nxa3 44. Nxa3 b4+ 45. Kb2 bxa3+ 46. Kxa3 Kb5
47. e5 fxe5 48. fxe5 Kc5 49. Kxa4 Kd5 50. f4 g5 51. fxg5 Kxe5 52. g6 Kf6 53. g7
Kxg7 1/2-1/2

[Event "Women's Speed Chess Q2"]
[Site "chess.com INT"]
[Date "2020.06.19"]
[Round "12"]
[White "De Seroux, Camille"]
[Black "Vittal, Sanjana"]
[Result "1-0"]
[WhiteTitle "WIM"]
[BlackTitle "WFM"]
[WhiteElo "2137"]
[BlackElo "1961"]
[WhiteFideId "1305620"]
[BlackFideId "2097486"]
[EventDate "2020.06.19"]

1. e4 e5 2. Nc3 Nf6 3. f4 exf4 4. e5 Qe7 5. Nf3 d6 6. d4 dxe5 7. dxe5 Bg4 8.
Bxf4 Nc6 9. Be2 Bxf3 10. Bxf3 Nxe5 11. O-O Nxf3+ 12. Qxf3 O-O-O 13. Kh1 Qc5 14.
Ne4 Nxe4 15. Qxe4 Bd6 16. Bxd6 Qxd6 17. Rxf7 Rhe8 18. Qf3 Qh6 19. h3 Re3 20.
Qg4+ Kb8 21. Rxg7 a6 22. Rg8 Rxg8 23. Qxg8+ Ka7 24. Qg4 Qb6 25. b3 Qf6 26. Rd1
b6 27. Qd7 Kb7 28. Qd5+ Ka7 29. Qd4 Qxd4 30. Rxd4 Re2 31. Rc4 Kb7 32. Kh2 b5 33.
Rc3 Kb6 34. b4 Re4 35. a3 c6 36. Kg3 h5 37. Kf3 Rd4 38. g4 hxg4+ 39. hxg4 Rd1
40. g5 Rg1 41. Kf4 Rg2 42. Kf5 Kc7 43. g6 Rf2+ 44. Kg5 Kd6 45. Rg3 Rf8 46. g7
Rg8 47. Kf6 a5 48. Kf7 Rxg7+ 49. Kxg7 axb4 50. axb4 c5 51. bxc5+ Kxc5 52. Kf6 b4
53. Ke5 Kc4 54. Ke4 b3 55. Rxb3 1-0

[Event "Women's Speed Chess Q2"]
[Site "chess.com INT"]
[Date "2020.06.19"]
[Round "12"]
[White "Shuqja, Klean"]
[Black "Hernandez Bonilla, Amelia"]
[Result "0-1"]
[WhiteTitle "WCM"]
[BlackTitle "WFM"]
[WhiteElo "1838"]
[BlackElo "2016"]
[WhiteFideId "4701585"]
[BlackFideId "3900193"]
[EventDate "2020.06.19"]

1. b3 Nf6 2. Bb2 e6 3. e3 d5 4. f4 c5 5. Nf3 Nc6 6. Bb5 Bd6 7. Bxc6+ bxc6 8. O-O
O-O 9. d3 Qe7 10. Nbd2 Nd7 11. Ne5 Bb7 12. Ndf3 f6 13. Nxd7 Qxd7 14. c4 Rae8 15.
Qc2 Qc7 16. Nd2 e5 17. f5 e4 18. dxe4 Bxh2+ 19. Kh1 Bg3 20. Rf3 Be5 21. Rc1 d4
22. Nf1 Rd8 23. Rd1 Bc8 24. Rf2 Qf7 25. g4 h5 26. Qe2 dxe3 27. Nxe3 Bxb2 28.
Qxb2 hxg4 29. Rg1 Rd3 30. Nxg4 Qh5+ 31. Rh2 Rh3 32. Qg2 Rxh2+ 33. Nxh2 Rf7 34.
Qg3 Rd7 35. Qb8 Qe8 36. Ng4 Qxe4+ 37. Kh2 Rd2+ 38. Kh3 Qf3+ 39. Rg3 Qh1+ 40. Nh2
Qxh2+ 41. Kg4 Rd4+ 42. Kf3 Qh5+ 43. Ke3 Qxf5 44. Rf3 Qe5+ 45. Kf2 Qxb8 0-1

[Event "Women's Speed Chess Q2"]
[Site "chess.com INT"]
[Date "2020.06.19"]
[Round "12"]
[White "Koridze, Lile"]
[Black "Batsiashvili, Nino"]
[Result "0-1"]
[WhiteTitle "WFM"]
[BlackTitle "GM"]
[WhiteElo "1996"]
[BlackElo "2457"]
[WhiteFideId "13612514"]
[BlackFideId "13602993"]
[EventDate "2020.06.19"]

1. d4 d5 2. c4 e6 3. g3 c5 4. Bg2 cxd4 5. cxd5 exd5 6. Qxd4 Nf6 7. Nf3 Nc6 8.
Qd1 Bc5 9. O-O O-O 10. a3 Ne4 11. b4 Be7 12. Bb2 Bf6 13. Bxf6 Qxf6 14. Nbd2 Nc3
15. Qe1 Re8 16. e3 d4 17. Nc4 Bg4 18. Ncd2 d3 19. Kh1 Rad8 20. Qc1 Ne2 21. Qc4
Ne5 22. Nxe5 Qxe5 23. Qxg4 Qb2 24. Nc4 Qc3 25. Rad1 h5 26. Qh4 b5 27. Nd2 Qxa3
28. Qxh5 Qxb4 29. Nf3 g6 30. Qh6 Qf8 31. Qg5 b4 32. Nd2 Qe7 33. Qa5 Rb8 34. Ne4
Red8 35. Qa1 Rb6 36. Rd2 b3 37. Rfd1 Rc8 38. Qb2 Rc2 39. Qb1 Qc7 40. Rxd3 b2 41.
Rd8+ Kg7 42. R8d7 Qxd7 43. Rxd7 Rc1+ 44. Rd1 Rxd1+ 45. Qxd1 b1=Q 46. Qf1 Qxf1+
47. Bxf1 Nc1 48. Kg2 a5 49. Bc4 a4 50. Nc3 a3 51. Bd5 Rb2 52. e4 a2 53. Nxa2
Nxa2 0-1

[Event "Women's Speed Chess Q2"]
[Site "chess.com INT"]
[Date "2020.06.19"]
[Round "12"]
[White "Jakubowska, Anna"]
[Black "Mukhina, Jana"]
[Result "0-1"]
[WhiteTitle "WIM"]
[BlackTitle "WFM"]
[WhiteElo "2073"]
[BlackElo "2068"]
[WhiteFideId "1121952"]
[BlackFideId "34115428"]
[EventDate "2020.06.19"]

1. e4 e5 2. Nc3 Nf6 3. g3 d5 4. exd5 Nxd5 5. Bg2 Nxc3 6. bxc3 Nc6 7. Rb1 Bc5 8.
Ne2 O-O 9. O-O f5 10. d3 f4 11. gxf4 exf4 12. Nxf4 Bd6 13. Nd5 Qh4 14. f4 Bg4
15. Qe1 Qh5 16. c4 Rae8 17. Qc3 Bc5+ 18. Kh1 Nd4 19. Be3 Ne2 20. Qd2 Rxe3 21.
Nxe3 Re8 22. Bd5+ Kh8 23. Nxg4 Ng3+ 24. Kg2 Re2+ 25. Kxg3 Rxd2 26. Rbe1 c6 27.
Bf3 g5 28. fxg5 Bd6+ 29. Ne5 Qxg5+ 30. Bg4 Bxe5+ 31. Rxe5 Qxe5+ 32. Kf3 Qxh2 33.
Ke4 Re2+ 34. Kd4 Qd6+ 35. Kc3 Qe5+ 36. Kb3 Kg7 37. Bxe2 Qxe2 38. Rf4 h5 39. Re4
Qg2 40. Re7+ Kf6 41. Rxb7 h4 42. Rxa7 h3 43. Rh7 h2 44. Rh6+ Ke5 45. Rh5+ Kf4
46. Rh4+ Kg5 47. Rxh2 Qxh2 48. a4 Qb8+ 49. Kc3 Kf6 50. d4 Ke7 51. d5 cxd5 52.
cxd5 Kd6 53. Kc4 Qa7 54. Kb5 Kxd5 55. a5 Qb7+ 56. Ka4 Qa6 57. c3 Kc5 0-1

[Event "Women's Speed Chess Q2"]
[Site "chess.com INT"]
[Date "2020.06.19"]
[Round "12"]
[White "Goryachkina, Aleksandra"]
[Black "Vaishali, R"]
[Result "0-1"]
[WhiteTitle "GM"]
[BlackTitle "WGM"]
[WhiteElo "2582"]
[BlackElo "2393"]
[WhiteFideId "4147103"]
[BlackFideId "5091756"]
[EventDate "2020.06.19"]

1. e4 c5 2. Nf3 Nc6 3. Bb5 g6 4. O-O Bg7 5. Re1 e5 6. b4 Nxb4 7. Bb2 Qc7 8. d4
a6 9. Bf1 cxd4 10. c3 Nc6 11. cxd4 exd4 12. e5 Nge7 13. Nbd2 O-O 14. Rc1 b5 15.
Nxd4 Bb7 16. Ne4 Qb6 17. Nf6+ Bxf6 18. exf6 Nd5 19. Qd2 Nxd4 20. Bxd4 Qd6 21.
Be5 Qb6 22. Rc3 Rfe8 23. Rh3 Nxf6 24. Qh6 Rxe5 25. Rxe5 Rc8 26. Re1 Rc2 27. Qe3
Qxe3 28. Rhxe3 Rxa2 29. Rc1 Bc6 30. g3 Ng4 31. Re2 Ra3 32. Bg2 Bxg2 33. Kxg2 Nf6
34. Rc7 b4 35. Rb7 a5 36. Rd2 d5 37. Rb6 Kg7 38. Re2 b3 39. Rb2 a4 40. Rb5 Ra2
41. Rb1 Ne4 42. Rf1 b2 43. Rb4 Nc3 44. Rb6 a3 45. Re1 Ra1 46. Rf1 b1=Q 0-1

[Event "Women's Speed Chess Q2"]
[Site "chess.com INT"]
[Date "2020.06.19"]
[Round "12"]
[White "Efimenko, Maria"]
[Black "Shafigullina, Zarina"]
[Result "0-1"]
[WhiteTitle "WIM"]
[BlackTitle "WFM"]
[WhiteElo "2245"]
[BlackElo "2296"]
[WhiteFideId "14124327"]
[BlackFideId "24174220"]
[EventDate "2020.06.19"]

1. e4 c5 2. c3 d5 3. exd5 Qxd5 4. d4 Nf6 5. Na3 Bg4 6. f3 Bd7 7. Nb5 Na6 8. Be3
cxd4 9. Nxd4 e5 10. Nb3 Nc7 11. Bd3 Bc6 12. Ne2 Rd8 13. Bc2 Qe6 14. Qc1 b6 15.
O-O Be7 16. Ng3 g6 17. Bh6 Nfd5 18. Re1 f6 19. Kh1 Kf7 20. Nd4 Qd7 21. Nxc6 Qxc6
22. Bb3 Ne6 23. Qc2 Rhe8 24. a3 b5 25. Rad1 Bf8 26. Bxf8 Rxf8 27. Ba2 Nb6 28.
Ne4 Nc4 29. Rxd8 Rxd8 30. Qc1 Kg7 31. b3 Nb6 32. Qb2 Nf4 33. Rf1 Qd5 34. a4 Qd3
35. Rg1 a6 36. axb5 axb5 37. Qa3 Qd7 38. Qc5 Nbd5 39. b4 Ne6 40. Qf2 Ndf4 41.
Qh4 Qf7 0-1